000
00302nam a22001217a 4500
082
_a
330/SIN
100
_a
Singh, Dr. Sanjay
_9
81690
245
_a
A Study Of Sustainable Ethno-Eco Tourism
260
_a
New Delhi
_b
Aayu Publications
_c
2019
300
_a
156
650
_a
Eco-Tourism
_9
81691
942
_c
BK
999
_c
65848
_d
65848